书目信息 |
| 题名: |
常见药用植物识别图鉴230种
|
|
| 作者: | 任全进 , 刘兴剑 , 于金平 编 | |
| 分册: | ||
| 出版信息: | 北京 化学工业出版社 2018 |
|
| 页数: | 235页 | |
| 开本: | 21cm | |
| 丛书名: | ||
| 单 册: | ||
| 中图分类: | Q949.95-64 | |
| 科图分类: | ||
| 主题词: | 药用植物--yao yong zhi wu--识别--图谱 | |
| 电子资源: | ||
| ISBN: | 978-7-122-31846-6 | |
| 000 | 01136nam0 2200277 450 | |
| 001 | 012001002063 | |
| 005 | 20131109161446.0 | |
| 010 | @a978-7-122-31846-6@dCNY49.90 | |
| 099 | @aCAL 012018113754 | |
| 100 | @a20180915d2018 em y0chiy50 ea | |
| 101 | 0 | @achi |
| 102 | @aCN@b110000 | |
| 105 | @aa a 000yy | |
| 106 | @ar | |
| 200 | 1 | @a常见药用植物识别图鉴230种@Achang jian yao yong zhi wu shi bie tu jian 230 zhong@f任全进, 刘兴剑, 于金平编 |
| 210 | @a北京@c化学工业出版社@d2018 | |
| 215 | @a235页@c图@d21cm | |
| 320 | @a有书目 (第235页) | |
| 330 | @a本书共收载常见药用植物230种, 按照木本药用植物、藤本药用植物、草本药用植物、水生药用植物四大门类进行编排, 每种药用植物均附有色彩斑斓的写真照片。与图对应的文字介绍包含了植物中文名、科属名、拉丁学名、形态特征、分布、功效、主治用法、入药部位、其他用途 (如作为绿菜食用、园林用途) 等九大专业信息。 | |
| 606 | 0 | @a药用植物@Ayao yong zhi wu@x识别@j图谱 |
| 690 | @aQ949.95-64@v5 | |
| 701 | 0 | @a任全进@Aren quan jin@4编 |
| 701 | 0 | @a刘兴剑@Aliu xing jian@4编 |
| 701 | 0 | @a于金平@Ayu jin ping@4编 |
| 801 | 0 | @aCN@b北京卓展@c20191020 |
| 905 | @b1199528-31@dQ949.95-64@e425@f4 | |
| 常见药用植物识别图鉴230种/任全进, 刘兴剑, 于金平编.-北京:化学工业出版社,2018 |
| 235页:图;21cm |
| ISBN 978-7-122-31846-6:CNY49.90 |
| 本书共收载常见药用植物230种, 按照木本药用植物、藤本药用植物、草本药用植物、水生药用植物四大门类进行编排, 每种药用植物均附有色彩斑斓的写真照片。与图对应的文字介绍包含了植物中文名、科属名、拉丁学名、形态特征、分布、功效、主治用法、入药部位、其他用途 (如作为绿菜食用、园林用途) 等九大专业信息。 |
| ● |
| 相关链接 |
|
|
|
|
正题名:常见药用植物识别图鉴230种
索取号:Q949.95-64/425
 
预约/预借
| 序号 | 登录号 | 条形码 | 馆藏地/架位号 | 状态 | 备注 |
| 1 | 1199528 | 211995288 | 第二样本阅览室/ [索取号:Q949.95-64/425] | 在馆 | |
| 2 | 1199529 | 211995297 | 第三借阅区/ [索取号:Q949.95-64/425] | 在馆 | |
| 3 | 1199530 | 211995304 | 第三借阅区/ [索取号:Q949.95-64/425] | 在馆 | |
| 4 | 1199531 | 211995313 | 第三借阅区/ [索取号:Q949.95-64/425] | 在馆 |